Operations research for management / (Record no. 6772)
[ view plain ]
| 000 -LEADER | |
|---|---|
| fixed length control field | 00764cam a22002412 4500 |
| 001 - CONTROL NUMBER | |
| control field | 0000004978 |
| 005 - DATE AND TIME OF LATEST TRANSACTION | |
| control field | 20151217151948.0 |
| 008 - FIXED-LENGTH DATA ELEMENTS--GENERAL INFORMATION | |
| fixed length control field | 070604s xx 000 0 eng d |
| 020 ## - INTERNATIONAL STANDARD BOOK NUMBER | |
| International Standard Book Number | 085226917X : |
| Terms of availability | KES 502 |
| 040 ## - CATALOGING SOURCE | |
| Original cataloging agency | KABU |
| Transcribing agency | KABU |
| 050 #0 - LIBRARY OF CONGRESS CALL NUMBER | |
| Classification number | T57.6 |
| Item number | .S54 1991 |
| 100 1# - MAIN ENTRY--PERSONAL NAME | |
| Personal name | Shenoy, G. V. |
| -- | 0000154754 |
| 245 10 - TITLE STATEMENT | |
| Title | Operations research for management / |
| Statement of responsibility, etc. | G. V. Shenoy, U. K. Srivastava, S. C. Sharma. |
| 250 ## - EDITION STATEMENT | |
| Edition statement | 2nd ed. |
| 260 ## - PUBLICATION, DISTRIBUTION, ETC. (IMPRINT) | |
| Place of publication, distribution, etc. | New Delhi : |
| Name of publisher, distributor, etc. | New Age International, |
| Date of publication, distribution, etc. | c1991. |
| 300 ## - PHYSICAL DESCRIPTION | |
| Extent | xv, 398 p. ; |
| Dimensions | 24 cm. |
| 650 #0 - SUBJECT ADDED ENTRY--TOPICAL TERM | |
| Topical term or geographic name as entry element | Operations management. |
| -- | 0000156022 |
| 700 1# - ADDED ENTRY--PERSONAL NAME | |
| Personal name | Srivastava, U. K. |
| -- | 0000154755 |
| 700 1# - ADDED ENTRY--PERSONAL NAME | |
| Personal name | Sharma, S. C. |
| -- | 0000154756 |
| 908 ## - PUT COMMAND PARAMETER (RLIN) | |
| Put command parameter | 070604 |
| 950 ## - LOCAL HOLDINGS (RLIN) | |
| -- | 1 |
| Withdrawn status | Lost status | Source of classification or shelving scheme | Not for loan | Home library | Current library | Date acquired | Total Checkouts | Full call number | Barcode | Date last seen | Copy number | Price effective from | Koha item type | Shelving location | Cost, normal purchase price | Date last checked out |
|---|---|---|---|---|---|---|---|---|---|---|---|---|---|---|---|---|
| Library of Congress Classification | Kabarak, Main Campus | Kabarak, Main Campus | 17/12/2015 | T57.6 .S54 1991 c. 1 | 007210 | 17/12/2015 | c. 1 | 17/12/2015 | General Collection | |||||||
| Library of Congress Classification | Kabarak, Main Campus | Kabarak, Main Campus | 03/02/2018 | 2 | T57.6 .S54 1991 c. 2 | 027840 | 25/09/2023 | c. 2 | 03/02/2018 | General Collection | General Stacks | 690.00 | 08/09/2023 | |||
| Library of Congress Classification | Kabarak, Main Campus | Kabarak, Main Campus | 03/02/2018 | T57.6 .S54 1991 c. 3 | 027838 | 03/02/2018 | c. 3 | 03/02/2018 | General Collection | General Stacks | 690.00 |